Normal view
MARC view
- الشايجي، وليد خالد
Entry Personal Name
001 - CONTROL NUMBER
- control field: 30720
003 - CONTROL NUMBER IDENTIFIER
- control field: JO-AjAnu
005 - DATE AND TIME OF LATEST TRANSACTION
- control field: 20230606075200.0
008 - FIXED-LENGTH DATA ELEMENTS
- fixed length control field: 230606|| aca||aabn | a|a d
040 ## - CATALOGING SOURCE
- Original cataloging agency: JO-AjAnu
- Transcribing agency: JO-AjAnu
100 ## - HEADING--PERSONAL NAME
- Personal name: الشايجي، وليد خالد
670 ## - SOURCE DATA FOUND
- Source citation: Work cat.: (JO-AjAnu)15779: الشايجي، وليد خالد, author, المدخل الى المالية العامة الإسلامية